401 killer marketing tactics to increase sales, maximize profits, and stomp your competition

Saved in:
Bibliographic Details
Main Author: Feltenstein, Tom
Format: Book
Language:Undetermined
Published: New York McGraw-Hill 2005
Subjects:
Tags: Add Tag
No Tags, Be the first to tag this record!
Institutions: Trung tâm Học liệu Trường Đại học Cần Thơ
LEADER 00550nam a2200193Ia 4500
001 CTU_94606
008 210402s9999 xx 000 0 und d
020 |c 18.95 
082 |a 658.83 
082 |b F325 
100 |a Feltenstein, Tom 
245 0 |a 401 killer marketing tactics to increase sales, maximize profits, and stomp your competition 
245 0 |c Tom Feltenstein 
260 |a New York 
260 |b McGraw-Hill 
260 |c 2005 
650 |a Marketing 
904 |i Tuyến 
980 |a Trung tâm Học liệu Trường Đại học Cần Thơ